| 000 -LEADER |
| fixed length control field |
00453nam a22001457a 4500 |
| 008 - FIXED-LENGTH DATA ELEMENTS--GENERAL INFORMATION |
| fixed length control field |
241001b 2023 ||||| |||| 00| 0 eng d |
| 020 ## - INTERNATIONAL STANDARD BOOK NUMBER |
| International Standard Book Number |
9789280117523 |
| 082 ## - DEWEY DECIMAL CLASSIFICATION NUMBER |
| Classification number |
344.0463 |
| Item number |
IMO |
| 110 ## - MAIN ENTRY--CORPORATE NAME |
| Corporate name or jurisdiction name as entry element |
IMO - International Maritime Organization |
| 245 ## - TITLE STATEMENT |
| Title |
MARPOL : annex VI and NTC 2008 |
| Remainder of title |
with guidelines for implementation |
| 250 ## - EDITION STATEMENT |
| Edition statement |
5th ed. |
| 260 ## - PUBLICATION, DISTRIBUTION, ETC. (IMPRINT) |
| Place of publication, distribution, etc |
London |
| Name of publisher, distributor, etc |
IMO - International Maritime Organization |
| Date of publication, distribution, etc |
2023 |
| 300 ## - PHYSICAL DESCRIPTION |
| Extent |
x, 523p. |
| 942 ## - ADDED ENTRY ELEMENTS (KOHA) |
| Item type |
Books |